000 00237nam a2200097Ia 4500
001 661077
005 20250826160126.0
008 250824s9999 xx 000 0 und d
245 0 _aTAHİR İLE ZÜHRE
_cSENNUR SEZER
260 _bDOĞAN EGMONT
999 _c661077
_d661077